00701nam a2200157 a 450000100100000000500170001000800410002704000250006811000340009324501530012726000530028030000200033304900090035395201640036299900170052600003339320200930070228.0110825s1916 dr 000 0 spa d aDO-SdBNPbspacBNPHU1 aLa Academia Colombiana95896310aMemorial de protesta contra la arbitraria ocupación militar de la República Dominicana por tropas de los Estados Unidos de Norte América 1916. aSanto Domingo :bImp. El Listín Diario,c1916. a22 p. ;c26 cm. aBNPD 001050718RVaPDbPDcCTd2011-08-25iLF1l0o p33393-10r2020-06-25w2020-06-25y1zPerteneció a la biblioteca personal de Martínez BoogZNo se presta c32884d32884